000 00563nam a22001457a 4500
020 _a9789327232806
082 _a332.4608 PAU
100 _aPaul R. R
245 _aMonetary economics for B. Com
260 _aLudhiana
_bKalyani publishers
_c2013
300 _a285p
942 _cBK
999 _c3519
_d3519